LEADER 01336nam a2200313 a 4500 001 000000125922 003 CaOOAMICUS 005 20110708123001.0 008 110708s2009 gw u000 u eng r 020 $a978-3-447-05868-1 040 $aPUL$bita 082 04$a296.44 100 1 $aLevine, Etan.$0(OLS)http://pul/name/1460 245 10$aMarital relations in ancient Judaism /$cEtan Levine. 260 $aWiesbaden :$bHarrassowitz,$c2009. 300 $aXIV, 349 p. ;$c25 cm 490 1 $aBeihefte zur Zeitschrift für altorientalische und biblische Rechtsgeschichte ;$v10 500 $aInclude indice. 504 $aBibliografia in nota. 650 4$aMatrimonio (diritto ebraico).$0(OLS)http://pul/subject/17960 830 0$aBeihefte zur Zeitschrift für altorientalische und biblische Rechtsgeschichte ;$v10.$0(OLS)http://pul/title/158939 850 $aPUL 852 $aPUL$W1$xSL Religione 3$y85$m296. 44 LEVET 1$j145089$qDDC 21$B144088$CPULBib$Z2$F144088 $H116788 $82 941 1 $a9 996 $6020$a978-3-447-05868-1$9(OLS)http://pul/number/147685 996 $6082$a296.44$9(OLS)http://pul/classification/2093 996 $6245$aMarital relations in ancient Judaism$9(OLS)http://pul/title/158938 996 $6260$aWiesbaden :$bHarrassowitz$9(OLS)http://pul/publisher/53801 LEADER 01346nam a2200289 u 4500 001 000000109225 003 CaOOAMICUS 005 20080128104736.0 008 080128s2005 it u000 u ita u 020 $a88-495-1069-1 040 $aPUL$bita$dLDB 100 1 $aRuggeri, Lucia.$0(OLS)http://pul/name/66901 245 10$aGaranzie personali /$cLucia Ruggeri, Salvatore Monticelli. 260 $aNapoli :$bEdizioni scientifiche italiane,$c2005. 300 $axii, 364 p. ;$c24 cm. 490 1 $aTrattato di diritto civile del Consiglio Nazionale del Notariato.$a3, Situazioni giuridiche ;$v19 500 $aContiene indici. 504 $aBibliografia in nota. 650 4$aFideiussione.$0(OLS)http://pul/subject/33886 700 1 $aMonticelli, Salvatore.$0(OLS)http://pul/name/66902 830 0$aTrattato di diritto civile del Consiglio Nazionale del Notariato.$n3,$pSituazioni giuridiche ;$v19.$0(OLS)http://pul/title/137405 850 $aPUL 852 $aPUL$W1$xSL Diritto e Scienze Sociali 3$y79$m346. 45 COLL 3.14$j124815$qDDC 21$B123555$CPULBib$Z2$F123555 $H106214 $82 941 1 $a9 996 $6020$a88-495-1069-1$9(OLS)http://pul/number/136834 996 $6245$aGaranzie personali$9(OLS)http://pul/title/137417 996 $6260$aNapoli :$bEdizioni scientifiche italiane$9(OLS)http://pul/publisher/48388